| 000 | 01490nam0a2200313 4500 | ||
|---|---|---|---|
| 001 | RU\NLR\bibl\1414078 | ||
| 005 | 20250615212133.0 | ||
| 010 |
_a978-5-9758-1019-9 _990 |
||
| 021 |
_aRU _b2009-55348 _93412 |
||
| 035 | _a(NLR Aleph) 001406050 | ||
| 090 |
_a1252649 _c1252649 |
||
| 100 | _a20090918d2009 |||y0rusy50 ca | ||
| 101 | 0 | _arus | |
| 102 | _aRU | ||
| 105 | _aa ||||||||| | ||
| 200 | 1 |
_aСоциологический аспект мобилизационной готовности Вооруженных Сил современной России _eмонография _fТычков Г.И. _gГенер. штаб Вооруж. Сил Рос. Федерации, Воен. ин-т повышения квалификации специалистов мобилизац. органов Вооруж. Сил Рос. Федерации |
|
| 210 |
_aСаратов _cЛитературное агентство "Научная книга" _d2009 |
||
| 215 |
_a144 с. _cил. _d21 |
||
| 320 | _aБиблиогр.: с. 124-142 (190 назв.) | ||
| 601 | 0 | 1 |
_aРоссийская Федерация _bВооруженные силы _xМобилизационная готовность _92582353 _3RU\NLR\auth\661526503 |
| 686 | _aЦ1,6(2Р)21 | ||
| 686 | _aС550.518 | ||
| 700 | 1 |
_aТычков _bГ. И. _gГеннадий Ильич _4070 |
|
| 801 | 0 |
_aRU _bNLR _c20090918 _gRCR |
|
| 801 | 1 |
_aRU _bNLR _c20090918 |
|
| 942 | _cBOOK | ||
| 980 | _aNB | ||
| 980 | _aNBR | ||